Score 0/25 Timer 04:00
4 Plays Today
Celebrity % Correct
George W. Bush
95.4%
Kermit the Frog
94.3%
Tom Cruise
93.6%
Hillary Clinton
92.3%
Michelle Obama
91.6%
Matt Damon
90.8%
Adam Sandler
90.8%
Jack Nicholson
86.9%
Beyoncé Knowles
86.9%
Jerry Seinfeld
82.7%
Vince Vaughn
80.7%
Will Ferrell
80.6%
Mila Kunis
77.8%
Celebrity % Correct
Rihanna
75.9%
Matthew Broderick
71.7%
Ice Cube
71.2%
Larry King
69.7%
Ice-T
68.9%
Kate Hudson
66.6%
Martin Short
62.6%
Spike Lee
62.1%
Cuba Gooding Jr.
56.6%
David Letterman
55.9%
Jon Stewart
51.6%
Olivia Wilde
44.9%
Come Together.
Have Fun.
All Virtual.
We all need to come together. Play Sporcle's virtual live trivia to have fun, connect with people, and get your trivia on. Join a live hosted trivia game for your favorite pub trivia experience done virtually. If a virtual private party is more your thing, go here for details.

You're not logged in!

Compare scores with friends on all Sporcle quizzes.
OR
Log In

Sporcle TV

Today on Sporcle TV


Watch our educational content, quiz creation guides, and fun videos on Sporcle TV.

Show Comments

Extras

Top Quizzes Today


Score Distribution

Paid Content

Your Account Isn't Verified!

In order to create a playlist on Sporcle, you need to verify the email address you used during registration. Go to your Sporcle Settings to finish the process.

Report this User

Report this user for behavior that violates our Community Guidelines.

Details: